Aktivizujúci štát a "Connected republic"

Nový koncept postavenia štátu v spoločnosti známy pod názvom - aktivizujúci štát a koncept "Connected republic", ktoré predstavujú možnosti transformácie systému verejnej správy. Koncept aktivizujúceho štátu ako vízia moderného štátu vychádzajúceho z tradície kontinentálneho sociálneho štátu schopné...

Ausführliche Beschreibung

Gespeichert in:
Bibliographische Detailangaben
1. Verfasser: Černěnko, Tomáš, 1981-
Format: Buchkapitel
Sprache:Slowakisch
Schlagworte:
Tags: Tag hinzufügen
Keine Tags, Fügen Sie das erste Tag hinzu!

MARC

LEADER 00000nla$a2200000$$$4500
001 0074263
005 20240502083211.8
041 0 |a slo 
044 |a CZ 
245 1 0 |a Aktivizujúci štát a "Connected republic"  |c Tomáš Černenko 
520 |a Nový koncept postavenia štátu v spoločnosti známy pod názvom - aktivizujúci štát a koncept "Connected republic", ktoré predstavujú možnosti transformácie systému verejnej správy. Koncept aktivizujúceho štátu ako vízia moderného štátu vychádzajúceho z tradície kontinentálneho sociálneho štátu schopného reagovať na potreby spoločnosti plynúce zo zmien, ktoré prináša globálna spoločnosť. Koncept "Connected republic" - možnosť pre verejnú správu ako efektívne riešiť zverené úlohy a z nich plynúcu agendu verejnej správy. 
610 2 0 |a správa verejná 
610 2 0 |a administratíva 
610 2 0 |a štát 
610 2 0 |a riadenie administratívne 
610 2 0 |a občania 
610 2 0 |a spoločnosť 
610 2 0 |a transformácia 
100 1 |a Černěnko, Tomáš, 1981-